000 00585nam a2200193 4500
001 107863
003 ES-MaACL
005 20250915063049.0
007 t|
008 061121s1961 sp r ||||1| spa d
100 1 _aMontanelli, Indro,
_d1909-2001
_9242260
245 1 0 _aHistoria de Roma /
_cIndro Montanelli; [ traducción de Domindo Pruna].
250 _a[ 1.ª ed.].
260 _aBarcelona [ etc.] :
_bPlaza y Janés,
_c[ 1961]
300 _a452 p. ;
_c23 cm.
700 1 _aPruna, Domingo.
_994081
852 _aES-MaACL
_jA-3118
_bR.47830
999 _c107863
_d107863